[Event "Muensterland Regionalliga 1516"]
[Site "Germany"]
[Date "2016.05.07"]
[Round "9.7"]
[White "Liu, Yi Nan Julian"]
[Black "Scharlow, Siegmar"]
[Result "0-1"]
[WhiteElo "1822"]
[BlackElo "1741"]
[PlyCount "80"]
[EventDate "2015.09.05"]
[EventType "team"]
[EventRounds "9"]
[EventCountry "GER"]
[SourceTitle "EXT 2017"]
[Source "ChessBase"]
[SourceDate "2016.10.25"]
[SourceVersion "1"]
[SourceVersionDate "2016.10.25"]
[SourceQuality "1"]
[WhiteTeam "Muenster SK III"]
[BlackTeam "Nienberge"]
[WhiteTeamCountry "GER"]
[BlackTeamCountry "GER"]

1. e4 c5 2. Nf3 Nc6 3. d4 cxd4 4. Nxd4 g6 5. Nc3 Bg7 6. Be3 Nf6 7. Bc4 Qa5 8. f3 Qb4 9. Bb3 Nxe4 10. Nxc6 Bxc3+ 11. bxc3 Qxc3+ 12. Ke2 dxc6 13. Bd4 e5 14. Bxc3 Nxc3+ 15. Ke3 Nxd1+ 16. Raxd1 Ke7 17. f4 exf4+ 18. Kxf4 h6 19. Rhe1+ Be6 20. Re3 Rad8 21. Rde1 Rd6 22. Re5 Rhd8 23. c4 Kf6 24. c5 Rd4+ 25. R5e4 Bxb3 26. axb3 Rxe4+ 27. Rxe4 Rd2 28. Rb4 Rd7 29. g4 Ke7 30. h4 Kd8 31. Ke5 Ke7 32. Kf4 f6 33. Ke4 Ke6 34. h5 gxh5 35. gxh5 f5+ 36. Kf4 Rg7 37. Kf3 Kd5 38. Rc4 Rg5 39. Rb4 Rxh5 40. Rxb7 Kxc5 0-1

[Event "Muensterland Verbandsliga 1213"]
[Site "Germany"]
[Date "2013.05.04"]
[Round "9.7"]
[White "Rothkegel, Juergen"]
[Black "Liu, Yi Nan Julian"]
[Result "1/2-1/2"]
[WhiteElo "1885"]
[BlackElo "1847"]
[PlyCount "28"]
[EventDate "2012.09.22"]
[EventType "team-tourn"]
[EventRounds "9"]
[EventCountry "GER"]
[SourceTitle "EXT 2015"]
[Source "ChessBase"]
[SourceDate "2014.11.20"]
[SourceVersion "1"]
[SourceVersionDate "2014.11.20"]
[SourceQuality "1"]
[WhiteTeam "Gronau"]
[BlackTeam "Muenster SK III"]
[WhiteTeamCountry "GER"]
[BlackTeamCountry "GER"]

1. e4 c5 2. Nf3 d6 3. d4 cxd4 4. Nxd4 Nf6 5. Nc3 g6 6. Be3 Bg7 7. f3 0-0 8. Qd2 Nc6 9. Bc4 a6 10. 0-0-0 Qc7 11. Bb3 Na5 12. Bh6 b5 13. Bxg7 Kxg7 14. g4 Nc4 1/2-1/2

[Event "Muensterland Verbandsliga 1112"]
[Site "Germany"]
[Date "2011.09.24"]
[Round "1.7"]
[White "Sandmann, Sebastian"]
[Black "Liu, Yi Nan Julian"]
[Result "1-0"]
[WhiteElo "1669"]
[BlackElo "1900"]
[PlyCount "61"]
[EventDate "2011.09.24"]
[EventType "team-tourn"]
[EventRounds "9"]
[EventCountry "GER"]
[SourceTitle "EXT 2013"]
[Source "ChessBase"]
[SourceDate "2012.11.22"]
[SourceVersion "1"]
[SourceVersionDate "2012.11.22"]
[SourceQuality "1"]
[WhiteTeam "Ostbevern Westbevern"]
[BlackTeam "Muenster III"]
[WhiteTeamCountry "GER"]
[BlackTeamCountry "GER"]

1. d4 Nf6 2. Nf3 g6 3. c4 Bg7 4. Nc3 d5 5. cxd5 Nxd5 6. e4 Nxc3 7. bxc3 c5 8. Bb2 0-0 9. Be2 Nc6 10. d5 Ne5 11. Nxe5 Bxe5 12. 0-0 Qc7 13. h3 f5 14. Qb3 Qd6 15. f3 b5 16. c4 Bh2+ 17. Kh1 b4 18. a3 Qg3 19. e5 e6 20. axb4 f4 21. Bc3 exd5 22. Be1 Qg5 23. Kxh2 Qxe5 24. Ra2 d4 25. Bd3 g5 26. Re2 Qc7 27. Bd2 g4 28. Rfe1 gxf3 29. Re7 Qc6 30. Bxh7+ Kh8 31. Qxf3 1-0

[Event "NRW-ch U14"]
[Site "Kranenburg"]
[Date "2007.04.13"]
[Round "6"]
[White "Dreesbach, Tobias"]
[Black "Liu, Yi Nan Julian"]
[Result "0-1"]
[WhiteElo "1408"]
[BlackElo "1497"]
[PlyCount "62"]
[EventDate "2007.04.09"]
[EventType "swiss"]
[EventRounds "7"]
[EventCountry "GER"]
[SourceTitle "EXT 2008"]
[Source "ChessBase"]
[SourceDate "2007.11.25"]
[SourceVersion "1"]
[SourceVersionDate "2007.11.25"]
[SourceQuality "1"]

1. e4 e5 2. Nf3 Nf6 3. Nxe5 d6 4. Nf3 Nxe4 5. Nc3 d5 6. Be2 Nc6 7. 0-0 Be7 8. Nb5 a6 9. d3 axb5 10. dxe4 dxe4 11. Qxd8+ Bxd8 12. Nd2 Nd4 13. Bd1 f5 14. c3 Ne6 15. Nb3 0-0 16. Be3 Bf6 17. Be2 b4 18. Bd2 bxc3 19. Bxc3 Bxc3 20. bxc3 Nf4 21. Rfe1 Be6 22. Nc5 Rxa2 23. Rxa2 Bxa2 24. g3 Nxe2+ 25. Rxe2 Bc4 26. Rb2 b6 27. Nb3 Ra8 28. Nd4 Ra1+ 29. Kg2 Bf1+ 30. Kg1 Bh3+ 31. Rb1 Rxb1# 0-1

[Event "GER-chT U12"]
[Site "Verden an der Aller"]
[Date "2006.12.30"]
[Round "7.1"]
[White "Rutz, Maximilian"]
[Black "Liu, Yi Nan Julian"]
[Result "0-1"]
[WhiteElo "1299"]
[BlackElo "1517"]
[PlyCount "114"]
[EventDate "2006.12.27"]
[EventType "team-swiss"]
[EventRounds "7"]
[EventCountry "GER"]
[SourceTitle "EXT 2008"]
[Source "ChessBase"]
[SourceDate "2007.11.25"]
[SourceVersion "1"]
[SourceVersionDate "2007.11.25"]
[SourceQuality "1"]
[WhiteTeam "Berlin GW Baumschulenweg U12"]
[BlackTeam "Muenster 32 U12"]
[WhiteTeamCountry "GER"]
[BlackTeamCountry "GER"]

1. d4 Nf6 2. Nf3 g6 3. e3 Bg7 4. Be2 d5 5. 0-0 0-0 6. c4 e6 7. b4 b6 8. a4 c5 9. dxc5 bxc5 10. bxc5 Ne4 11. Ra2 Bb7 12. Ba3 Nc6 13. cxd5 exd5 14. Nd4 Qa5 15. Bb5 Rfc8 16. Qd3 Ne5 17. Qe2 Nxc5 18. Bxc5 Rxc5 19. Nb3 Qb4 20. Nxc5 Qxc5 21. Rc2 Qe7 22. Rfc1 Qg5 23. f4 Qh6 24. fxe5 Bxe5 25. h3 d4 26. e4 Qf4 27. Qf3 Kg7 28. Qxf4 Bxf4 29. Re1 Be3+ 30. Kf1 Bxe4 31. Rc7 a5 32. Bc6 Bd3+ 33. Re2 Rb8 34. Bb5 Bxb1 35. Ra7 Rd8 36. Rd7 Rxd7 37. Bxd7 Bd3 38. Bg4 Bxe2+ 39. Kxe2 f5 40. Bf3 Kf6 41. Kd3 Ke5 42. Kc4 g5 43. Kb5 Bd2 44. Kc4 Bc3 45. Kd3 Kf4 46. Ke2 Kg3 47. Kf1 d3 48. Kg1 d2 49. Kf1 g4 50. hxg4 fxg4 51. Bd1 h5 52. Kg1 h4 53. Kf1 h3 54. gxh3 Kxh3 55. Kg1 g3 56. Kh1 g2+ 57. Kg1 Bd4# 0-1

[Event "GER-chT U12"]
[Site "Verden an der Aller"]
[Date "2006.12.27"]
[Round "2.1"]
[White "Medvedovski, Michael"]
[Black "Liu, Yi Nan Julian"]
[Result "0-1"]
[WhiteElo "1418"]
[BlackElo "1517"]
[PlyCount "72"]
[EventDate "2006.12.27"]
[EventType "team-swiss"]
[EventRounds "7"]
[EventCountry "GER"]
[SourceTitle "EXT 2008"]
[Source "ChessBase"]
[SourceDate "2007.11.25"]
[SourceVersion "1"]
[SourceVersionDate "2007.11.25"]
[SourceQuality "1"]
[WhiteTeam "Frankfurt TV U12"]
[BlackTeam "Muenster 32 U12"]
[WhiteTeamCountry "GER"]
[BlackTeamCountry "GER"]

1. e4 e5 2. Nf3 Nf6 3. Nc3 Bb4 4. d3 0-0 5. Be2 Nc6 6. Bd2 d6 7. 0-0 Be6 8. a3 Bc5 9. Na4 Bb6 10. Nxb6 axb6 11. c4 Qd7 12. Ng5 Ne7 13. f4 exf4 14. Rxf4 h6 15. Nxe6 fxe6 16. Bh5 Qc6 17. Rf1 Qc5+ 18. Kh1 Qxh5 19. Qxh5 Nxh5 20. Rf3 Rxf3 21. gxf3 Rf8 22. Rf1 Ng6 23. d4 c5 24. dxc5 bxc5 25. Kg1 Ne5 26. f4 Nxc4 27. Bc1 Nf6 28. Re1 d5 29. exd5 exd5 30. b3 Nd6 31. Kg2 Nde4 32. b4 c4 33. a4 c3 34. Re3 d4 35. Rf3 Nd5 36. b5 Nd2 0-1

[Event "Dortmund op-B"]
[Site "Dortmund"]
[Date "2005.07.12"]
[Round "5"]
[White "Liu, Yi Nan Julian"]
[Black "Schultz, Hauke"]
[Result "0-1"]
[WhiteElo "1402"]
[BlackElo "1249"]
[PlyCount "68"]
[EventDate "2005.07.08"]
[EventType "swiss"]
[EventRounds "9"]
[EventCountry "GER"]
[SourceTitle "CBM 107 Extra"]
[Source "ChessBase"]
[SourceDate "2005.09.01"]
[SourceVersion "1"]
[SourceVersionDate "2005.09.01"]
[SourceQuality "1"]

1. e4 e5 2. Nf3 Nc6 3. Nc3 Nf6 4. Bb5 d6 5. 0-0 Bd7 6. d3 a6 7. Bxc6 Bxc6 8. Bg5 Be7 9. Qd2 h6 10. Be3 0-0 11. Rfe1 b5 12. a3 Bb7 13. Ne2 Ng4 14. Ng3 Nxe3 15. Qxe3 Re8 16. c3 c5 17. Rad1 Bf6 18. d4 cxd4 19. cxd4 Qb6 20. d5 Qxe3 21. Rxe3 Rec8 22. Nf5 Rd8 23. Rc3 Rd7 24. Rdc1 Rad8 25. Rc7 Kh7 26. h3 Ba8 27. Rxd7 Rxd7 28. Rc8 Bb7 29. Rb8 h5 30. Nxd6 Bxd5 31. Nxf7 Bxf7 32. Ra8 Rd6 33. Ne1 Rd1 34. Kf1 Bc4+ 0-1

[Event "Dortmund op-B"]
[Site "Dortmund"]
[Date "2005.07.09"]
[Round "2"]
[White "Wiesemann, Peter"]
[Black "Liu, Yi Nan Julian"]
[Result "1-0"]
[WhiteElo "1788"]
[BlackElo "1402"]
[PlyCount "57"]
[EventDate "2005.07.08"]
[EventType "swiss"]
[EventRounds "9"]
[EventCountry "GER"]
[SourceTitle "CBM 107 Extra"]
[Source "ChessBase"]
[SourceDate "2005.09.01"]
[SourceVersion "1"]
[SourceVersionDate "2005.09.01"]
[SourceQuality "1"]

1. d4 d5 2. c4 e6 3. Nc3 Nf6 4. Bg5 Be7 5. e3 0-0 6. Nf3 b6 7. Rc1 Bb7 8. Bd3 Nbd7 9. 0-0 c5 10. Qe2 Rc8 11. Rfd1 Qc7 12. Nb5 Qb8 13. Bf4 e5 14. Nxe5 Nxe5 15. Bxe5 Qa8 16. Nc7 Rxc7 17. Bxc7 dxc4 18. Rxc4 Bxg2 19. e4 Nxe4 20. Qg4 Nc3 21. Rxc3 Bf3 22. Bxh7+ Kxh7 23. Rxf3 cxd4 24. Be5 f6 25. Rh3+ Kg8 26. Qe6+ Rf7 27. Bxd4 Qf8 28. Rc1 Bc5 29. b4 1-0

[Event "NRW-ch U12"]
[Site "Kranenburg"]
[Date "2005.03.30"]
[Round "4"]
[White "Liu, Yi Nan Julian"]
[Black "Zelbel, Patrick"]
[Result "0-1"]
[WhiteElo "1174"]
[BlackElo "1832"]
[PlyCount "98"]
[EventDate "2005.03.28"]
[EventType "swiss"]
[EventRounds "7"]
[EventCountry "GER"]
[SourceTitle "CBM 105 Extra"]
[Source "ChessBase"]
[SourceDate "2005.05.01"]
[SourceVersion "1"]
[SourceVersionDate "2005.05.01"]
[SourceQuality "1"]

1. e4 e5 2. Nf3 Nc6 3. Nc3 Nf6 4. Bc4 Nxe4 5. Bxf7+ Kxf7 6. Nxe4 Be7 7. 0-0 d5 8. Ng3 Rf8 9. d3 Kg8 10. h3 Be6 11. Re1 Qd6 12. Qe2 Qc5 13. c3 Bd7 14. d4 exd4 15. cxd4 Qb6 16. Be3 Bb4 17. Red1 Bd6 18. Ne5 Be6 19. Nxc6 Qxc6 20. Rdc1 Qd7 21. Qh5 Rae8 22. Qh4 Be7 23. Bg5 Bd6 24. Nh5 Qf7 25. Rc3 Qg6 26. Bf4 Be7 27. Qg3 Qxh5 28. Re1 Bh4 29. Qf3 Qxf3 30. Rxf3 c6 31. g3 Bg5 32. Rfe3 Bxf4 33. gxf4 Bd7 34. Kh2 Rxe3 35. fxe3 Re8 36. h4 b6 37. Kg3 c5 38. dxc5 bxc5 39. Kf3 d4 40. e4 Bc6 41. f5 Rb8 42. b3 Bb5 43. Rc1 Rc8 44. e5 Bc6+ 45. Kf4 Bd5 46. e6 c4 47. Ke5 d3 48. Kxd5 d2 49. Ke4 dxc1Q 0-1